<?xml version="1.0" encoding="UTF-8"?>
<collection xmlns="http://www.loc.gov/MARC21/slim">
    <record>
        <controlfield tag="001">63004</controlfield>
        <controlfield tag="005">20210121114542.0</controlfield>
        <datafield tag="024" ind1="8" ind2=" ">
            <subfield code="2">sideral</subfield>
            <subfield code="a">101475</subfield>
        </datafield>
        <datafield tag="037" ind1=" " ind2=" ">
            <subfield code="a">ART-2015-101475</subfield>
        </datafield>
        <datafield tag="041" ind1=" " ind2=" ">
            <subfield code="a">eng</subfield>
        </datafield>
        <datafield tag="100" ind1=" " ind2=" ">
            <subfield code="0">(orcid)0000-0003-4402-0815</subfield>
            <subfield code="a">Ferrández San Miguel, María</subfield>
            <subfield code="u">Universidad de Zaragoza</subfield>
        </datafield>
        <datafield tag="245" ind1=" " ind2=" ">
            <subfield code="a">Repurposing 'disreputable genre materials': E.L. Doctorow's subversion of hegemonic gender configurations in welcome to hard times</subfield>
        </datafield>
        <datafield tag="260" ind1=" " ind2=" ">
            <subfield code="c">2015</subfield>
        </datafield>
        <datafield tag="506" ind1="0" ind2=" ">
            <subfield code="a">Access copy available to the general public</subfield>
            <subfield code="f">Unrestricted</subfield>
        </datafield>
        <datafield tag="520" ind1="3" ind2=" ">
            <subfield code="a">Welcome to Hard Times (1960) is not a conventional Western. The novel constitutes E.L. Doctorow‘s first attempt to turn what at the time was considered ¿disreputable genre material¿ into a work of fiction that could yield relevant meanings for contemporary society. This is crucially achieved through the subversion of hegemonic gender configurations in the novel. Hence, the purpose of this article is to assess the extent to which Welcome to Hard Times demythologizes traditional views of the West, as portrayed in the classical Western. The focus will be on the representation of gender, highlighting Doctorow‘s preoccupation with identity and its artificial configuration. Thus, this paper will explore the novel‘s representation of alternative models of masculinity and manliness. I will also examine its transgressive attitude towards femininity and the female voice, both at a thematic and at a structural level, as well as its denunciation of gender violence.   

Welcome to Hard Times (1960) no es un =western‘ convencional. La novela constituye el primer intento por parte de E.L. Doctorow de convertir lo que en aquella época era un género desacreditado en una obra de ficción capaz de general significados de gran relevancia para la sociedad contemporánea mediante la subversión de configuraciones de género hegemónicas. Así pues, la finalidad de este artículo es evaluar hasta qué punto Welcome to Hard Times desmitologiza las perspectivas tradicionales sobre el Oeste Americano que el =western‘ viene representando. La atención de este artículo se centra en la representación del género, destacando la preocupación que Doctorow muestra con cuestiones de identidad y su formación artificial. De este modo, este artículo explorará la representación que la novela hace de modelos alternativos de masculinidad y virilidad. También examinaré la actitud transgresora que la novela muestra hacia la femineidad y la voz femenina, tanto a nivel temático como estructural, así como la denuncia de la violencia de género.</subfield>
        </datafield>
        <datafield tag="540" ind1=" " ind2=" ">
            <subfield code="9">info:eu-repo/semantics/openAccess</subfield>
            <subfield code="a">by-nc-nd</subfield>
            <subfield code="u">http://creativecommons.org/licenses/by-nc-nd/3.0/es/</subfield>
        </datafield>
        <datafield tag="592" ind1=" " ind2=" ">
            <subfield code="a">0.101</subfield>
            <subfield code="b">2015</subfield>
        </datafield>
        <datafield tag="593" ind1=" " ind2=" ">
            <subfield code="a">Literature and Literary Theory</subfield>
            <subfield code="c">2015</subfield>
            <subfield code="d">Q3</subfield>
        </datafield>
        <datafield tag="655" ind1=" " ind2="4">
            <subfield code="a">info:eu-repo/semantics/article</subfield>
            <subfield code="v">info:eu-repo/semantics/publishedVersion</subfield>
        </datafield>
        <datafield tag="710" ind1="2" ind2=" ">
            <subfield code="1">3004</subfield>
            <subfield code="2">345</subfield>
            <subfield code="a">Universidad de Zaragoza</subfield>
            <subfield code="b">Dpto. Filolog.Inglesa y Alema.</subfield>
            <subfield code="c">Área Filología Inglesa</subfield>
        </datafield>
        <datafield tag="773" ind1=" " ind2=" ">
            <subfield code="g">19 (2015), 67-81</subfield>
            <subfield code="p">Rev. estud. norteam.</subfield>
            <subfield code="t">Revista de Estudios Norteamericanos</subfield>
            <subfield code="x">1133-309X</subfield>
        </datafield>
        <datafield tag="856" ind1="4" ind2="1">
            <subfield code="u">https://idus.us.es/xmlui/bitstream/handle/11441/53861/Repurposing.pdf</subfield>
            <subfield code="z">Texto completo de la revista</subfield>
        </datafield>
        <datafield tag="856" ind1="4" ind2=" ">
            <subfield code="s">319162</subfield>
            <subfield code="u">http://zaguan.unizar.es/record/63004/files/texto_completo.pdf</subfield>
            <subfield code="y">Versión publicada</subfield>
        </datafield>
        <datafield tag="856" ind1="4" ind2=" ">
            <subfield code="s">59440</subfield>
            <subfield code="u">http://zaguan.unizar.es/record/63004/files/texto_completo.jpg?subformat=icon</subfield>
            <subfield code="x">icon</subfield>
            <subfield code="y">Versión publicada</subfield>
        </datafield>
        <datafield tag="909" ind1="C" ind2="O">
            <subfield code="o">oai:zaguan.unizar.es:63004</subfield>
            <subfield code="p">articulos</subfield>
            <subfield code="p">driver</subfield>
        </datafield>
        <datafield tag="951" ind1=" " ind2=" ">
            <subfield code="a">2021-01-21-11:16:47</subfield>
        </datafield>
        <datafield tag="980" ind1=" " ind2=" ">
            <subfield code="a">ARTICLE</subfield>
        </datafield>
    </record>

    
</collection>